| 000 | 00590nas a2200181 4500 | ||
|---|---|---|---|
| 001 | 000037469 | ||
| 005 | 20200930080402.0 | ||
| 008 | 120419c20059999dr br1p dd 0 0spa d | ||
| 040 |
_aDO-SdBNP _bspa _cBNPHU |
||
| 043 | _anwdr | ||
| 245 | 0 | 0 | _aboletín Integración. |
| 260 |
_aSanto Domingo : _bConsejo Nacional de Discapacidad (CONADIS. |
||
| 300 |
_av.- : _bil. ; _c29 cm. |
||
| 310 | _aBimestral | ||
| 362 | 1 | _aAño 1 no. 1 (jun. 2005) | |
| 500 | _aCatalogación basada en : Año 1 no. 1 (jun. 2005) | ||
| 650 | 4 |
_aIncapacitados _vPUBLICACIONES PERIÓDICAS _zRepública Dominicana _963914 |
|
| 999 |
_c36959 _d36959 |
||